000 00839nam a2200229 a 4500
001 12687
003 BD-JhCC
005 20230507091618.0
008 230507s2021 bg |||| |||| 00| 0 ban d
020 _a978849085577
035 _a(BD-JhCC)12687
040 _aBD-JhCC
_dBD-JhCC
041 _aBangla
082 _a923
_bTUM 2021
245 _aতুমি রবে নীরবে :
_bশহিদা পারভীন স্মারকগ্রন্থ /
_cসম্পাদনায় জামিল রায়হান
260 _aঢাকা :
_bঅক্ষর প্রকাশনী,
_c২০২১
300 _a২৮৬ পৃ. :
_bচিত্রাবলী,
_c২১ সেমি.
600 _aParvin, Shahida
650 _aBiography
700 _aরায়হান, জামিল
942 _2ddc
_cBK
999 _c12687
_d12687